• 首页
  • 本馆介绍
  • 公告通知
  • 最新文献
  • 馆藏检索
  • 电子资源
  • 读者导购
  • 参考咨询
  • 我的图书馆
  • 登录
  • 详细信息显示
  • 放入我的书架
  • 预约/预借图书
  • 作者相关作品
  • 分类相关作品
  • 丛书相关作品
  • 出版社相关作品

书目信息

  • 表格格式
  • 工作单格式
  • 卡片格式
题名:
花艺基本技术
    
 
作者: 哈克 主编 ;陈嘉玮 译
分册:  
出版信息: 郑州   中原农民出版社  2018
页数: 156页
开本: 30cm
丛书名:
单 册:
中图分类: S688.2
科图分类:
主题词: 花卉装饰--教材
电子资源:
ISBN: 978-7-5542-1872-3
000 00854nam0 2200253 450
001 012001002770
005 20140101153049.0
010    @a978-7-5542-1872-3@dCNY198.00
100    @a20190226d2018 em y0chiy50 ea
101 1  @achi@cger
102    @aCN@b410000
105    @aa z 000yy
106    @ar
200 1  @a花艺基本技术@Ahua yi ji ben ji shu@f(德)卡尔·米歇尔·哈克主编@g陈嘉玮[等]译
210    @a郑州@c中原农民出版社@d2018
215    @a156页@c彩图@d30cm
300    @aBLOOM'S花艺基础教材 Vol.3
330    @a本书对所有重要花艺制作技术详加阐释,必要之处,还会权衡利弊,在时间要求和方法选择方面提出有益的建议,使读者能掌握丰富的技术知识。
606 0  @a花卉装饰@j教材
690    @aS688.2@v5
701  0 @c(德)@a哈克@Aha ke@4主编
702  0 @a陈嘉玮@Achen jia wei@4译
801  0 @aCN@b北京卓展@c20191020
905    @b1204372-3@dS688.2@e551@f2
    
    花艺基本技术/(德)卡尔·米歇尔·哈克主编/陈嘉玮[等]译.-郑州:中原农民出版社,2018
    156页:彩图;30cm
    BLOOM'S花艺基础教材 Vol.3
    
    ISBN 978-7-5542-1872-3:CNY198.00
    本书对所有重要花艺制作技术详加阐释,必要之处,还会权衡利弊,在时间要求和方法选择方面提出有益的建议,使读者能掌握丰富的技术知识。
●
相关链接 在E读中查询图书 在五车中查询图书 在当当中查询图书 在豆瓣中查询图书


正题名:花艺基本技术     索取号:S688.2/551         预约/预借

序号 登录号 条形码 馆藏地/架位号 状态 备注
1 1204372   212043723   第二样本阅览室/ [索取号:S688.2/551] 在馆    
2 1204373   212043732   第三借阅区/ [索取号:S688.2/551] 在馆    
唐山师范学院图书馆 欢迎您!
大连网信软件有限公司© 版权所有